Statistiken für Nenne die zehn größten Städte Frankreichs

Klicken Sie hier um das Quiz zu spielen!

Allgemein

  • Dieses Quiz wurde 422 mal gespielt
  • Das Durchschnittsergebnis liegt bei 8 aus 10

Antwortstatistiken

EinwohnerStadt% Korrekt
2,18 Millionen
Paris
100%
0,87 Millionen
Marseille
97%
0,52 Millionen
Lyon
95%
0,26 Millionen
Bordeaux
80%
0,28 Millionen
Straßburg
77%
0,34 Millionen
Nizza
75%
0,31 Millionen
Nantes
70%
0,49 Millionen
Toulouse
70%
0,23 Millionen
Lille
68%
0,29 Millionen
Montpellier
53%

Verteilung der Resultate

Perzentil nach korrekt beantworteten Fragen

Anzahl Personen mit jedem Resultat

Ihre Resultats-Entwicklung

Sie haben dieses Quiz noch nicht gespielt